Loreto College Library, Kolkata
WEBOPAC (ONLINE PUBLIC ACCESS CATALOGUE)

Critics on Dryden (Record no. 5894)

MARC details
000 -LEADER
fixed length control field 00698nam a2200241Ia 4500
005 - DATE AND TIME OF LATEST TRANSACTION
control field 20230109152328.0
008 - FIXED-LENGTH DATA ELEMENTS--GENERAL INFORMATION
fixed length control field 131103s9999 xx 000 0 und d
020 ## - ISBN | অাই এস বি এন
ISBN | অাই এস বি এন 48210315
040 ## - CATALOGING SOURCE
Original cataloging agency Loreto College
041 ## - LANGUAGE CODE
Language code English
082 ## - DDC | ডিউই
Classification number | বর্গসংখ্যা 821.4
Book Number | গ্রন্থাঙ্ক DRY- MAC
245 ## - TITLE STATEMENT | অাখ্যা বিবরণী
Title | অাখ্যা Critics on Dryden
Statement of responsibility | লেখকের দায়িত্বের বিবরণ Edited by Robert McHenry and David G.Lougee
260 ## - IMPRINT | প্রকাশনা ক্ষেত্র
Place of publication | প্রকাশ স্থান London
Name of publisher | প্রকাশকের নাম George Allen
Date of publication | প্রকাশ কাল 1973
300 ## - PHYSICAL DESCRIPTION |
Page / Vol. No | পৃষ্ঠা / খন্ড সংখ্যা viii,114 p.
440 ## - SERIES STATEMENT |গ্রন্থমালা
Series Title | গ্রন্থমালা অাখ্যা Readings in literary criticism; No.15
504 ## - BIBLIOGRAPHY, ETC. NOTE
Bibliography, etc Includes bibliographical references
630 ## - SUBJECT ADDED ENTRY--UNIFORM TITLE
Uniform title 17th century poet - Criticism
650 ## - SUBJECT ADDED ENTRY--TOPICAL TERM | বিষয় শিরোনাম - মূল বিষয়
Topical term | মূল বিষয় Dryden,John,1631 - 1700
651 ## - SUBJECT ADDED ENTRY--GEOGRAPHIC NAME | বিষয় শিরোনাম - ভৌগলিক নাম
Geographic name | ভৌগলিক বিষয় English Poetry
700 ## - ADDED ENTRY--PERSONAL NAME | অতিরিক্ত সংলেখ - ব্
Personal name | ব্যাক্তিনাম McHenry,Robert,ed.
850 ## - HOLDING INSTITUTION
Holding institution LCLIB
942 ## - ADDED ENTRY ELEMENTS (KOHA)
Koha item type Books
Holdings
Withdrawn status Lost status Source of classification Damaged status Not for loan Home library Current library Date acquired Total Checkouts Full call number Accession No. Date last seen Date checked out Price effective from Koha item type Coded location qualifier
    Dewey Decimal Classification     Loreto College Loreto College 04/11/2013 3 821.4 DRY - MAC 36075 B39260 11/04/2018 11/04/2018 04/11/2013 Books  
    Dewey Decimal Classification     Loreto College Loreto College 04/11/2013 3 821.4 DRY - MAC 23876 B5762 19/12/2017 19/12/2017 04/11/2013 Books